Geography Quiz

Random Geography or City Quiz
Score 0/26 Timer 06:00
5 Plays Today
Country % Correct
Australia
86.6%
Canada
81.7%
Austria
77.3%
Latvia
71.1%
Andorra
68.9%
Albania
67.4%
Colombia
67.1%
Angola
66.7%
Indonesia
66%
South Africa
64.2%
Cuba
63.6%
Slovakia
63.1%
Bulgaria
62.4%
Country % Correct
Nigeria
61.8%
Slovenia
60.9%
Ghana
60.4%
Ethiopia
59.8%
Nicaragua
56%
Malta
55.6%
Zambia
55.6%
Uganda
54.4%
Eritrea
53%
Tanzania
52.5%
Samoa
50.3%
Liberia
49.1%
Tonga
41.4%

You're not logged in!

Compare scores with friends on all Sporcle quizzes.
OR
Log In

Sporcle TV

Today on Sporcle TV


Watch our educational content, quiz creation guides, and fun videos on Sporcle TV.

Show Comments

Extras

Top Quizzes Today


Score Distribution

Paid Content

Your Account Isn't Verified!

In order to create a playlist on Sporcle, you need to verify the email address you used during registration. Go to your Sporcle Settings to finish the process.

Report this User

Report this user for behavior that violates our Community Guidelines.

Details: